| 000 | 00923nam a22002297a 4500 | ||
|---|---|---|---|
| 999 |
_c20316 _d20316 |
||
| 003 | AR-CdUCM | ||
| 008 | 190222b ||||| |||| 00| 0 spa d | ||
| 040 |
_aMUNICIPALIDAD PROVINCIAL DEL CUSCO _cBIBLIOTECA MUNICIPAL DEL CUSCO |
||
| 082 |
_a985.141 / _bC46 |
||
| 100 |
_aCenturión Vallejo, Héctor _9829 |
||
| 245 |
_aLa independencia de Trujillo : _bApuntes para la historia de Trujillo 1800-1821 / |
||
| 260 |
_aTrujillo - Perú : _bRevista universitaria, _c1984. |
||
| 300 |
_a155 páginas ; _bilustraciones, fotografías _c24 cm. |
||
| 440 |
_aSeparata de revista universitaria _n21 y 22 _942473 |
||
| 505 | _aContenido : Independencia de trujillo -- Trujillo durante los primeros veinte años del siglo XIX -- Himno de Trujillo... | ||
| 650 |
_aHistoria. _9136 |
||
| 650 |
_aPrimera proclamación _942474 |
||
| 650 |
_aPoblación _93673 |
||
| 650 |
_aCabildo secular _942475 |
||
| 942 |
_2ddc _cLIBROS |
||
| 945 | _arcc | ||